[Event "Oberliga Ost-A 2122"]
[Site "Germany"]
[Date "2022.04.30"]
[Round "2.1"]
[White "Belous, Mikhail"]
[Black "Hoepfl, Thomas"]
[Result "1/2-1/2"]
[WhiteElo "2362"]
[BlackElo "2254"]
[PlyCount "130"]
[EventDate "2021.10.10"]
[EventType "team-tourn"]
[EventRounds "11"]
[EventCountry "GER"]
[SourceTitle "EXT 2023"]
[Source "ChessBase"]
[SourceDate "2022.10.05"]
[SourceVersion "1"]
[SourceVersionDate "2022.10.05"]
[SourceQuality "1"]
[WhiteTeam "Dessau"]
[BlackTeam "Halle USV"]
[WhiteTeamCountry "GER"]
[BlackTeamCountry "GER"]

1. d4 Nf6 2. c4 g6 3. Nc3 Bg7 4. e4 d6 5. f3 0-0 6. Be3 c5 7. Nge2 Nc6 8. d5 Ne5 9. Ng3 e6 10. Be2 exd5 11. cxd5 a6 12. a4 Bd7 13. h3 b5 14. f4 b4 15. Nb1 Nxd5 16. exd5 Qh4 17. Bf2 Qxf4 18. Qd2 Rfe8 19. 0-0 Qxd2 20. Nxd2 f5 21. b3 Bc8 22. Rad1 Bb7 23. Nc4 f4 24. Nh1 Nxc4 25. Bxc4 Bc3 26. g3 f3 27. g4 Re2 28. Rd3 Rae8 29. Rxf3 Rd2 30. Re3 Rxe3 31. Bxe3 Bd4 32. Bxd4 Rxd4 33. Nf2 Bxd5 34. Bxd5+ Rxd5 35. Rd1 Rxd1+ 36. Nxd1 Kf7 37. Kf2 d5 38. Ke3 Ke6 39. Nb2 g5 40. Nd3 Kd6 41. Ne1 a5 42. Nf3 h6 43. Kd3 Ke6 44. Nd2 Ke5 45. Ke3 Ke6 46. Nf1 Ke5 47. Kd3 Kf4 48. Ne3 Ke5 49. Ng2 Kf6 50. Ke3 Ke5 51. Ne1 Ke6 52. Nf3 Kf6 53. Kd3 Ke6 54. h4 gxh4 55. Nxh4 Ke5 56. Ng6+ Kf6 57. Nf4 c4+ 58. bxc4 dxc4+ 59. Kxc4 Kg5 60. Nd3 Kxg4 61. Nxb4 h5 62. Nd3 h4 63. Nf2+ Kg3 64. Ne4+ Kf4 65. Nf2 Kg3 1/2-1/2

[Event "GER-CupT 2122 prel1"]
[Site "Halle"]
[Date "2022.03.26"]
[Round "1.4"]
[White "Hoepfl, Thomas"]
[Black "Tiarks, Jann Christian"]
[Result "0-1"]
[WhiteElo "2266"]
[BlackElo "2180"]
[PlyCount "82"]
[EventDate "2022.03.26"]
[EventType "team-k.o."]
[EventRounds "2"]
[EventCountry "GER"]
[SourceTitle "EXT 2023"]
[Source "ChessBase"]
[SourceDate "2022.10.05"]
[SourceVersion "1"]
[SourceVersionDate "2022.10.05"]
[SourceQuality "1"]
[WhiteTeam "Halle USV"]
[BlackTeam "Potsdam Empor"]
[WhiteTeamCountry "GER"]
[BlackTeamCountry "GER"]

1. e4 c5 2. Nf3 d6 3. d4 cxd4 4. Nxd4 Nf6 5. Nc3 a6 6. Bg5 e6 7. f4 h6 8. Bh4 Qb6 9. Qd2 Qxb2 10. Rb1 Qa3 11. Be2 Be7 12. 0-0 Nbd7 13. f5 e5 14. Nb3 0-0 15. Rbd1 b5 16. Nb1 Qb2 17. c4 Qxd2 18. N1xd2 b4 19. Na5 Bd8 20. Nc6 Bb6+ 21. Kh1 a5 22. Ne7+ Kh8 23. c5 Bxc5 24. Nb3 Ba6 25. Rfe1 Bxe2 26. Rxe2 Rfe8 27. Nxc5 Rxe7 28. Nb7 Nc5 29. Nxd6 Rd7 30. Red2 a4 31. Bxf6 gxf6 32. Rd5 Nb7 33. Nc4 Rxd5 34. exd5 Rc8 35. Nb6 Rc2 36. Nxa4 Rxa2 37. Nb6 Nd6 38. h3 b3 39. Rb1 b2 40. Kh2 Kg7 41. Kg3 Ne4+ 0-1

[Event "Oberliga Ost-A 1920"]
[Site "Germany"]
[Date "2020.02.29"]
[Round "8.3"]
[White "Nguyen, Alex Dac Vuong"]
[Black "Hoepfl, Thomas"]
[Result "1-0"]
[WhiteElo "2362"]
[BlackElo "2253"]
[PlyCount "83"]
[EventDate "2019.09.29"]
[EventType "team-tourn"]
[EventRounds "11"]
[EventCountry "GER"]
[SourceTitle "EXT 2023"]
[Source "ChessBase"]
[SourceDate "2022.10.05"]
[SourceVersion "1"]
[SourceVersionDate "2022.10.05"]
[SourceQuality "1"]
[WhiteTeam "Leipzig SG"]
[BlackTeam "Halle USV"]
[WhiteTeamCountry "GER"]
[BlackTeamCountry "GER"]

1. e4 e5 2. Nf3 Nc6 3. Bb5 Nf6 4. 0-0 Nxe4 5. d4 Nd6 6. Bxc6 dxc6 7. dxe5 Nf5 8. Qxd8+ Kxd8 9. Rd1+ Ke8 10. Nc3 Ne7 11. h3 Ng6 12. Be3 h6 13. Rac1 Be6 14. Ne2 Be7 15. Ned4 Bd7 16. c4 b6 17. Ne2 h5 18. Rd2 Rd8 19. Rcd1 h4 20. Bf4 Nxf4 21. Nxf4 g5 22. e6 Bxe6 23. Rxd8+ Bxd8 24. Nxe6 fxe6 25. Ne5 Bf6 26. Nxc6 Bxb2 27. Rd8+ Kf7 28. Rd7+ Kf6 29. Rxc7 e5 30. Kf1 Bd4 31. Nxd4 exd4 32. Rxa7 Rc8 33. Ra4 Ke5 34. Ke2 Ke4 35. Rb4 Ra8 36. a4 Ra5 37. Kd2 Rc5 38. f3+ Kf4 39. Kd3 Re5 40. Rb2 Ra5 41. Rxb6 Rxa4 42. Rb2 1-0

[Event "Oberliga Ost-A 1819"]
[Site "Germany"]
[Date "2018.12.15"]
[Round "4.1"]
[White "Hoepfl, Thomas"]
[Black "Hollan, Martin"]
[Result "1/2-1/2"]
[WhiteElo "2271"]
[BlackElo "2325"]
[PlyCount "75"]
[EventDate "2018.10.21"]
[EventType "team-tourn"]
[EventRounds "11"]
[EventCountry "GER"]
[SourceTitle "EXT 2020"]
[Source "ChessBase"]
[SourceDate "2019.10.17"]
[SourceVersion "1"]
[SourceVersionDate "2019.10.17"]
[SourceQuality "1"]
[WhiteTeam "Halle USV"]
[BlackTeam "Magdeburg Rochade"]
[WhiteTeamCountry "GER"]
[BlackTeamCountry "GER"]

1. e4 e5 2. Nf3 Nc6 3. Bb5 g6 4. c3 Bg7 5. 0-0 Nge7 6. d4 exd4 7. cxd4 a6 8. Ba4 b5 9. Bb3 d6 10. h3 0-0 11. a4 b4 12. a5 d5 13. exd5 Nxd5 14. Bg5 Nf6 15. Re1 Bf5 16. Be3 Nd5 17. Bg5 Qd7 18. Ba4 Qd6 19. Nbd2 Nxa5 20. Rc1 h6 21. Bh4 Qb6 22. Rc5 Nf4 23. Ne4 Bxe4 24. Rxe4 Ne6 25. Rxe6 fxe6 26. Qd3 Rf5 27. g4 Rxc5 28. dxc5 Qxc5 29. Qxg6 Qc1+ 30. Kg2 Qf4 31. Bd7 Nc4 32. Bxe6+ Kh8 33. Bxc4 Qxc4 34. Bf6 Bxf6 35. Qxh6+ Kg8 36. Qxf6 Rf8 37. Qg6+ Kh8 38. Qh6+ 1/2-1/2

[Event "Oberliga Ost-A 1819"]
[Site "Germany"]
[Date "2018.11.10"]
[Round "2.1"]
[White "Pietsch, Michael"]
[Black "Hoepfl, Thomas"]
[Result "0-1"]
[WhiteElo "2204"]
[BlackElo "2271"]
[PlyCount "62"]
[EventDate "2018.10.21"]
[EventType "team-tourn"]
[EventRounds "11"]
[EventCountry "GER"]
[SourceTitle "EXT 2020"]
[Source "ChessBase"]
[SourceDate "2019.10.17"]
[SourceVersion "1"]
[SourceVersionDate "2019.10.17"]
[SourceQuality "1"]
[WhiteTeam "Coswig TuS"]
[BlackTeam "Halle USV"]
[WhiteTeamCountry "GER"]
[BlackTeamCountry "GER"]

1. d4 Nf6 2. c4 g6 3. Nc3 Bg7 4. e4 d6 5. Nf3 0-0 6. Be2 e5 7. 0-0 Na6 8. d5 Nc5 9. Qc2 a5 10. b3 Bd7 11. Be3 b6 12. Nd2 Nh5 13. Bxh5 gxh5 14. a3 f5 15. f3 Qe8 16. b4 Na4 17. Nxa4 Bxa4 18. Qc3 Bd7 19. c5 bxc5 20. bxc5 Qg6 21. c6 Bc8 22. Kh1 Kh8 23. Rab1 Rg8 24. Rg1 Bh6 25. Bxh6 Qxh6 26. Nc4 fxe4 27. fxe4 Qg6 28. Qe3 Rg7 29. Rb2 h4 30. Rf2 Rg8 31. Qf3 h3 0-1

[Event "Oberliga Ost-A 1617"]
[Site "Germany"]
[Date "2017.05.06"]
[Round "10.2"]
[White "Hentze, Markus"]
[Black "Hoepfl, Thomas"]
[Result "1/2-1/2"]
[WhiteElo "2173"]
[BlackElo "2288"]
[PlyCount "86"]
[EventDate "2016.10.16"]
[EventType "team-tourn"]
[EventRounds "11"]
[EventCountry "GER"]
[SourceTitle "EXT 2018"]
[Source "ChessBase"]
[SourceDate "2017.10.13"]
[SourceVersion "1"]
[SourceVersionDate "2017.10.13"]
[SourceQuality "1"]
[WhiteTeam "Leipzig SG II"]
[BlackTeam "Halle USV"]
[WhiteTeamCountry "GER"]
[BlackTeamCountry "GER"]

1. e4 e5 2. Nf3 Nc6 3. d4 exd4 4. Nxd4 Nf6 5. Nxc6 bxc6 6. e5 Qe7 7. Qe2 Nd5 8. c4 Nb6 9. Nc3 Qe6 10. Qe4 d5 11. exd6 Qxe4+ 12. Nxe4 cxd6 13. b3 d5 14. cxd5 Nxd5 15. Bd3 Nb4 16. Bb1 Ba6 17. f3 Be7 18. Bb2 0-0 19. a3 Nd3+ 20. Bxd3 Bxd3 21. 0-0-0 Rfd8 22. Rhe1 Rab8 23. f4 Rxb3 24. Nf2 Kf8 25. a4 f6 26. Re6 c5 27. Nxd3 Rbxd3 28. Rde1 Bd6 29. g3 c4 30. Kc2 Bb4 31. R1e4 Rd2+ 32. Kb1 Rb8 33. Kc1 c3 34. Bxc3 Bxc3 35. Rc4 Ba5 36. Ra6 Rd5 37. Rxa7 Bb6 38. Ra6 Be3+ 39. Kc2 Rd2+ 40. Kc3 Rxh2 41. Kd3 Re8 42. Re4 Rd2+ 43. Kxe3 Red8 1/2-1/2

[Event "Oberliga Ost-A 1617"]
[Site "Germany"]
[Date "2017.02.18"]
[Round "6.2"]
[White "Melamed, Tatiana"]
[Black "Hoepfl, Thomas"]
[Result "1/2-1/2"]
[WhiteElo "2318"]
[BlackElo "2288"]
[PlyCount "68"]
[EventDate "2016.10.16"]
[EventType "team-tourn"]
[EventRounds "11"]
[EventCountry "GER"]
[SourceTitle "EXT 2018"]
[Source "ChessBase"]
[SourceDate "2017.10.13"]
[SourceVersion "1"]
[SourceVersionDate "2017.10.13"]
[SourceQuality "1"]
[WhiteTeam "Magdeburg Aufbau Elbe"]
[BlackTeam "Halle USV"]
[WhiteTeamCountry "GER"]
[BlackTeamCountry "GER"]

1. e4 e5 2. Nf3 Nc6 3. Bb5 a6 4. Ba4 Nf6 5. 0-0 Be7 6. d3 b5 7. Bb3 d6 8. a3 0-0 9. Nc3 h6 10. Be3 Re8 11. h3 Bf8 12. Nd5 Be6 13. Qd2 Bxd5 14. exd5 Ne7 15. c4 Qb8 16. Bc2 Qb7 17. b3 Nf5 18. Rfe1 Nxe3 19. Rxe3 g6 20. Rae1 Bg7 21. d4 exd4 22. Nxd4 bxc4 23. bxc4 Rxe3 24. Rxe3 Re8 25. Qb4 Qb6 26. Rxe8+ Nxe8 27. Nc6 Bf6 28. g3 Kf8 29. Kg2 Qxb4 30. axb4 Bc3 31. Kf3 Nf6 32. Ke2 Ng8 33. Kd3 Be1 34. Ke2 Bc3 1/2-1/2

[Event "Oberliga Ost-A 1617"]
[Site "Germany"]
[Date "2016.11.19"]
[Round "2.2"]
[White "Siedentopf, Daniel"]
[Black "Hoepfl, Thomas"]
[Result "1-0"]
[WhiteElo "2292"]
[BlackElo "2288"]
[PlyCount "91"]
[EventDate "2016.10.16"]
[EventType "team-tourn"]
[EventRounds "11"]
[EventCountry "GER"]
[SourceTitle "EXT 2018"]
[Source "ChessBase"]
[SourceDate "2017.10.13"]
[SourceVersion "1"]
[SourceVersionDate "2017.10.13"]
[SourceQuality "1"]
[WhiteTeam "Dresden Gruen Weiss"]
[BlackTeam "Halle USV"]
[WhiteTeamCountry "GER"]
[BlackTeamCountry "GER"]

1. d4 Nf6 2. c4 g6 3. Nc3 Bg7 4. e4 d6 5. Nf3 0-0 6. h3 e5 7. d5 a5 8. Bg5 Na6 9. Be2 Qe8 10. Nd2 Nd7 11. a3 f6 12. Bh4 Nb6 13. b3 Bd7 14. f3 Bh6 15. Bf2 Nc5 16. Rb1 Qe7 17. Qc2 f5 18. b4 axb4 19. axb4 Nca4 20. Nd1 fxe4 21. Nxe4 c6 22. dxc6 Bxc6 23. 0-0 Nd7 24. Ne3 Bxe4 25. Qxe4 Nc3 26. Nd5 Nxe4 27. Nxe7+ Kf7 28. fxe4 Kxe7 29. c5 dxc5 30. bxc5 Rab8 31. Rb5 Kd8 32. Rfb1 Kc7 33. Bc4 Nf6 34. Bd5 Nxd5 35. exd5 e4 36. R5b4 Rf7 37. Rxe4 Rbf8 38. Bg3+ Kc8 39. Bd6 Rd8 40. Ra4 Rxd6 41. cxd6 Be3+ 42. Kh1 Rf5 43. Ra8+ Kd7 44. Rxb7+ Kxd6 45. Rd8+ Ke5 46. Rb1 1-0

[Event "Oberliga Ost-A 1516"]
[Site "Germany"]
[Date "2016.04.09"]
[Round "10.2"]
[White "Gara, Anita"]
[Black "Hoepfl, Thomas"]
[Result "1/2-1/2"]
[WhiteElo "2307"]
[BlackElo "2281"]
[PlyCount "61"]
[EventDate "2015.09.20"]
[EventType "team-tourn"]
[EventRounds "11"]
[EventCountry "GER"]
[SourceTitle "EXT 2017"]
[Source "ChessBase"]
[SourceDate "2016.10.25"]
[SourceVersion "1"]
[SourceVersionDate "2016.10.25"]
[SourceQuality "1"]
[WhiteTeam "Loeberitz"]
[BlackTeam "Halle Volksbank"]
[WhiteTeamCountry "GER"]
[BlackTeamCountry "GER"]

1. e4 e5 2. Nf3 Nc6 3. Bb5 a6 4. Ba4 Nf6 5. 0-0 Be7 6. Bxc6 dxc6 7. Qe1 Nd7 8. b3 0-0 9. Bb2 Bd6 10. d3 f6 11. Nbd2 Nc5 12. Nc4 Ne6 13. Ne3 c5 14. a4 Qe8 15. Nh4 Qh5 16. Nhf5 Nf4 17. Qd1 Qxd1 18. Rfxd1 Ne2+ 19. Kf1 Nd4 20. Nxd6 cxd6 21. Bxd4 cxd4 22. Nd5 Rb8 23. Rdc1 Be6 24. Nb6 f5 25. c3 fxe4 26. dxe4 Rf4 27. f3 Rbf8 28. Ke2 g5 29. cxd4 g4 30. d5 Bf7 31. Nc4 1/2-1/2

[Event "Oberliga Ost-A 1415"]
[Site "Germany"]
[Date "2014.10.19"]
[Round "3.2"]
[White "Hoepfl, Thomas"]
[Black "Siedentopf, Daniel"]
[Result "1-0"]
[WhiteElo "2296"]
[BlackElo "2321"]
[PlyCount "109"]
[EventDate "2014.09.21"]
[EventType "team-tourn"]
[EventRounds "11"]
[EventCountry "GER"]
[SourceTitle "EXT 2016"]
[Source "ChessBase"]
[SourceDate "2015.10.08"]
[SourceVersion "1"]
[SourceVersionDate "2015.10.08"]
[SourceQuality "1"]
[WhiteTeam "Halle Volksbank"]
[BlackTeam "Dresden Gruen Weiss"]
[WhiteTeamCountry "GER"]
[BlackTeamCountry "GER"]

1. e4 e6 2. d3 c5 3. Nf3 Nc6 4. g3 g6 5. Bg2 Bg7 6. 0-0 Nge7 7. c3 0-0 8. d4 cxd4 9. cxd4 d5 10. e5 f6 11. Re1 a6 12. Nc3 b5 13. Bf4 Qb6 14. Qd2 Bd7 15. Rad1 f5 16. h4 Rac8 17. Bg5 Qa5 18. Bxe7 Nxe7 19. Nxd5 Qxd2 20. Nxe7+ Kf7 21. Rxd2 Kxe7 22. Ng5 h6 23. Nh3 Rfd8 24. d5 exd5 25. Nf4 Be8 26. Nxd5+ Kf8 27. f4 Bc6 28. Red1 Bxd5 29. Bxd5 Ke7 30. Bb7 Rxd2 31. Rxd2 Rc1+ 32. Kg2 a5 33. Rd6 Rc2+ 34. Kf1 g5 35. hxg5 hxg5 36. Rg6 gxf4 37. Rxg7+ Kf8 38. Rg5 fxg3 39. Rxf5+ Ke7 40. Bd5 Rxb2 41. Rf7+ Ke8 42. Rg7 Rf2+ 43. Ke1 Rf5 44. Bc6+ Kf8 45. Rxg3 Rxe5+ 46. Kd2 Rc5 47. Rc3 Rh5 48. Re3 Rc5 49. Bf3 Kf7 50. Be2 b4 51. Bd1 Rg5 52. Bb3+ Kf8 53. Kd3 Rg2 54. Re2 Rg4 55. Re5 1-0

[Event "BL2-Ost 1213"]
[Site "Germany"]
[Date "2012.10.14"]
[Round "1.6"]
[White "Reiss, Tibor"]
[Black "Hoepfl, Thomas"]
[Result "1/2-1/2"]
[WhiteElo "2375"]
[BlackElo "2347"]
[PlyCount "64"]
[EventDate "2012.10.14"]
[EventType "team-tourn"]
[EventRounds "9"]
[EventCountry "GER"]
[SourceTitle "CBM 154 Extra"]
[Source "ChessBase"]
[SourceDate "2013.06.25"]
[SourceVersion "2"]
[SourceVersionDate "2013.06.25"]
[SourceQuality "1"]
[WhiteTeam "Bayern Muenchen"]
[BlackTeam "Halle Volksbank"]
[WhiteTeamCountry "GER"]
[BlackTeamCountry "GER"]

1. d4 Nf6 2. Bg5 Ne4 3. Bf4 c5 4. f3 Qa5+ 5. c3 Nf6 6. Nd2 cxd4 7. Nb3 Qd8 8. cxd4 d5 9. e3 e6 10. Rc1 Nc6 11. Bb5 Bd7 12. Ne2 Nh5 13. 0-0 Nxf4 14. Nxf4 Bd6 15. Nc5 Bxc5 16. Rxc5 0-0 17. Qa4 a6 18. Bxc6 Bxc6 19. Qb4 Re8 20. Rd1 Qg5 21. Qd2 Rac8 22. Rdc1 e5 23. Nxd5 Rcd8 24. Nc7 Re7 25. Nxa6 bxa6 26. Rxc6 exd4 27. Rd1 Rxe3 28. Qxd4 Ree8 29. Rd6 Rxd6 30. Qxd6 Qe3+ 31. Kf1 Qe2+ 32. Kg1 Qe3+ 1/2-1/2

[Event "BL2-Nord 1112"]
[Site "Germany"]
[Date "2011.12.11"]
[Round "4.3"]
[White "Hoepfl, Thomas"]
[Black "Szelag, Marcin"]
[Result "0-1"]
[WhiteElo "2341"]
[BlackElo "2466"]
[PlyCount "52"]
[EventDate "2011.10.02"]
[EventType "team-tourn"]
[EventRounds "9"]
[EventCountry "GER"]
[SourceTitle "EXT 2015"]
[Source "ChessBase"]
[SourceDate "2014.11.20"]
[SourceVersion "1"]
[SourceVersionDate "2014.11.20"]
[SourceQuality "1"]
[WhiteTeam "Halle Volksbank"]
[BlackTeam "Rostock"]
[WhiteTeamCountry "GER"]
[BlackTeamCountry "GER"]

1. e4 c5 2. Nf3 d6 3. Bb5+ Nc6 4. Bxc6+ bxc6 5. 0-0 Bg4 6. h3 Bh5 7. e5 d5 8. d3 e6 9. c4 f6 10. Nc3 Ne7 11. Re1 Bf7 12. b3 Ng6 13. Ba3 fxe5 14. Na4 Qc7 15. Rc1 Bd6 16. Bxc5 0-0 17. Bxd6 Qxd6 18. Qe2 e4 19. dxe4 Nf4 20. Qe3 Bh5 21. exd5 Nxg2 22. Qxe6+ Qxe6 23. Rxe6 Bxf3 24. Rxc6 Nf4 25. Kh2 Nd3 26. Rc3 Be4 0-1

[Event "BL2-Nord 1112"]
[Site "Germany"]
[Date "2011.10.23"]
[Round "2.3"]
[White "Hoepfl, Thomas"]
[Black "Janz, Frerik"]
[Result "1-0"]
[WhiteElo "2341"]
[BlackElo "2342"]
[PlyCount "75"]
[EventDate "2011.10.02"]
[EventType "team-tourn"]
[EventRounds "9"]
[EventCountry "GER"]
[SourceTitle "EXT 2015"]
[Source "ChessBase"]
[SourceDate "2014.11.20"]
[SourceVersion "1"]
[SourceVersionDate "2014.11.20"]
[SourceQuality "1"]
[WhiteTeam "Halle Volksbank"]
[BlackTeam "Luebeck"]
[WhiteTeamCountry "GER"]
[BlackTeamCountry "GER"]

1. e4 d6 2. d4 Nf6 3. Nc3 g6 4. Bg5 Bg7 5. f4 c5 6. e5 Nfd7 7. exd6 Qa5 8. Qd2 e6 9. Nf3 0-0 10. Be7 cxd4 11. Nb5 Qb6 12. Nc7 Qxb2 13. Rc1 Nb6 14. Nxa8 Nxa8 15. Bxf8 Bxf8 16. c3 Qa3 17. Nxd4 a6 18. Bc4 Nb6 19. Bb3 Qxd6 20. 0-0 N8d7 21. Rcd1 Nc5 22. Kh1 Qc7 23. Nf3 Bd7 24. Ne5 Be7 25. Nxd7 Nbxd7 26. Qe3 Bf8 27. Qf3 Nb8 28. g4 Nc6 29. f5 Ne5 30. Qg2 Kg7 31. fxe6 fxe6 32. h3 Be7 33. Rd4 Bg5 34. Rfd1 Be3 35. Rd6 Bf4 36. Bxe6 Nxg4 37. Rd7+ Nxd7 38. Rxd7+ 1-0

[Event "Oberliga Ost-A 1011"]
[Site "Germany"]
[Date "2011.04.09"]
[Round "10.1"]
[White "Hoepfl, Thomas"]
[Black "Lechtynsky, Jiri"]
[Result "1/2-1/2"]
[WhiteElo "2338"]
[BlackElo "2375"]
[PlyCount "26"]
[EventDate "2010.10.24"]
[EventType "team-tourn"]
[EventRounds "11"]
[EventCountry "GER"]
[SourceTitle "EXT 2012"]
[Source "ChessBase"]
[SourceDate "2011.11.24"]
[SourceVersion "1"]
[SourceVersionDate "2011.11.24"]
[SourceQuality "1"]
[WhiteTeam "Halle USV"]
[BlackTeam "Hoyerswerda"]
[WhiteTeamCountry "GER"]
[BlackTeamCountry "GER"]

1. e4 d6 2. d4 Nf6 3. Nc3 g6 4. f4 Bg7 5. Nf3 0-0 6. Bd3 Nc6 7. e5 Ne8 8. Be3 Nb4 9. Bc4 Bf5 10. Bb3 c6 11. a3 Nd5 12. Nxd5 cxd5 13. 0-0 e6 1/2-1/2

[Event "Oberliga Ost-A 1011"]
[Site "Germany"]
[Date "2011.02.06"]
[Round "7.1"]
[White "Proehl, Holger"]
[Black "Hoepfl, Thomas"]
[Result "1/2-1/2"]
[WhiteElo "2403"]
[BlackElo "2338"]
[PlyCount "57"]
[EventDate "2010.10.24"]
[EventType "team-tourn"]
[EventRounds "11"]
[EventCountry "GER"]
[SourceTitle "EXT 2012"]
[Source "ChessBase"]
[SourceDate "2011.11.24"]
[SourceVersion "1"]
[SourceVersionDate "2011.11.24"]
[SourceQuality "1"]
[WhiteTeam "Loeberitz"]
[BlackTeam "Halle USV"]
[WhiteTeamCountry "GER"]
[BlackTeamCountry "GER"]

1. e4 e5 2. Bc4 Nf6 3. d3 Nc6 4. Nf3 Bc5 5. 0-0 d6 6. c3 a6 7. h3 Ba7 8. Re1 Na5 9. a4 Nxc4 10. dxc4 Be6 11. b3 h6 12. Be3 Bxe3 13. Rxe3 0-0 14. Nbd2 Nd7 15. Nf1 Rb8 16. Ng3 g6 17. Nd2 Qh4 18. Ne2 Rbe8 19. Qf1 Kh7 20. Re1 Nc5 21. a5 f5 22. exf5 gxf5 23. f4 e4 24. Nc1 Rg8 25. Qf2 Qh5 26. Nf1 Rg7 27. Rg3 Reg8 28. Kh2 Qf7 29. Ree3 1/2-1/2

[Event "Oberliga Ost-A 1011"]
[Site "Germany"]
[Date "2011.02.05"]
[Round "6.1"]
[White "Hoepfl, Thomas"]
[Black "Strache, Michael"]
[Result "0-1"]
[WhiteElo "2338"]
[BlackElo "2290"]
[PlyCount "58"]
[EventDate "2010.10.24"]
[EventType "team-tourn"]
[EventRounds "11"]
[EventCountry "GER"]
[SourceTitle "EXT 2012"]
[Source "ChessBase"]
[SourceDate "2011.11.24"]
[SourceVersion "1"]
[SourceVersionDate "2011.11.24"]
[SourceQuality "1"]
[WhiteTeam "Halle USV"]
[BlackTeam "Sangerhausen"]
[WhiteTeamCountry "GER"]
[BlackTeamCountry "GER"]

1. e4 e5 2. Nc3 d6 3. f4 exf4 4. Bc4 Nc6 5. d4 Qh4+ 6. Kf1 Bg4 7. Qd3 Nf6 8. Bb5 a6 9. Bxc6+ bxc6 10. Bxf4 Nh5 11. Bd2 g6 12. Nf3 Qd8 13. e5 Bg7 14. exd6 0-0 15. dxc7 Qxc7 16. Ne2 c5 17. c3 c4 18. Qe3 Rfe8 19. Qg5 f5 20. Re1 Bf6 21. Qh6 Bxf3 22. gxf3 Bh4 23. Nf4 Qb7 24. Rxe8+ Rxe8 25. d5 Qa7 26. Nh3 Qe7 27. Ng1 Qc5 28. Kg2 Qf2+ 29. Kh3 Bf6 0-1